[Event "Joao Pessoa op"]
[Site "Joao Pessoa"]
[Date "2023.03.18"]
[Round "4"]
[White "Dantas, Isaac Pereira"]
[Black "Marques, Marllyson T Corlett"]
[Result "0-1"]
[WhiteElo "1637"]
[BlackElo "1507"]
[PlyCount "76"]
[EventDate "2023.03.17"]
[EventType "swiss"]
[EventRounds "6"]
[EventCountry "BRA"]
[SourceTitle "EXT 2024"]
[Source "ChessBase"]
[SourceDate "2023.10.10"]
[SourceVersion "1"]
[SourceVersionDate "2023.10.10"]
[SourceQuality "1"]

1. d4 Nf6 2. c4 g6 3. Nc3 d5 4. cxd5 Nxd5 5. e4 Nxc3 6. bxc3 Bg7 7. Bc4 c5 8. Ne2 Nc6 9. Be3 cxd4 10. cxd4 Qa5+ 11. Qd2 Qxd2+ 12. Kxd2 0-0 13. Rhd1 a6 14. Ke1 b5 15. Bd5 Bb7 16. Rac1 Rfc8 17. e5 e6 18. Bf3 Na5 19. Bxb7 Nxb7 20. Rxc8+ Rxc8 21. Rc1 Rxc1+ 22. Nxc1 Na5 23. Nb3 Nc4 24. Bg5 Bf8 25. Ke2 Bb4 26. Nd2 Bxd2 27. Bxd2 Kf8 28. Bb4+ Ke8 29. a3 Kd7 30. Kd3 Kc6 31. Ke4 a5 32. Bc5 a4 33. g4 Nd2+ 34. Kf4 Nb3 35. Ba7 Kd5 36. Ke3 Kc4 37. f4 b4 38. axb4 a3 0-1

[Event "Joao Pessoa Fischer Memorial 11th"]
[Site "Joao Pessoa"]
[Date "2022.05.08"]
[Round "5"]
[White "Barioni, Daniel Rossiter"]
[Black "Dantas, Isaac Pereira"]
[Result "1-0"]
[WhiteElo "1840"]
[BlackElo "1645"]
[PlyCount "89"]
[EventDate "2022.05.06"]
[EventType "swiss"]
[EventRounds "6"]
[EventCountry "BRA"]
[SourceTitle "EXT 2023"]
[Source "ChessBase"]
[SourceDate "2022.10.05"]
[SourceVersion "1"]
[SourceVersionDate "2022.10.05"]
[SourceQuality "1"]

1. d4 d5 2. Nf3 Nf6 3. c4 c6 4. Nc3 e6 5. Qc2 Nbd7 6. Bf4 Be7 7. e3 0-0 8. h3 Nb6 9. c5 Nbd7 10. b4 b6 11. Bd3 a5 12. cxb6 axb4 13. Bc7 Qe8 14. Na4 Bb7 15. 0-0 g6 16. Nc5 Nxc5 17. dxc5 Nd7 18. Ne5 Nxc5 19. Ng4 Nxd3 20. Qxd3 Ba6 21. Qd4 f6 22. Rfc1 c5 23. Qb2 Bb7 24. a3 bxa3 25. Rxa3 Qc6 26. Rxa8 Rxa8 27. Nxf6+ Bxf6 28. Qxf6 Rf8 29. Qg5 c4 30. f3 Qd7 31. Qe5 Qf7 32. Bd6 Ra8 33. Bc5 Qf5 34. Qc7 Qf7 35. Qd6 Re8 36. Bd4 Qf5 37. Qc7 Qf7 38. Qe5 Kf8 39. Ra1 Re7 40. Bc5 Qe8 41. Qh8+ Kf7 42. Qxh7+ Kf6 43. Qxe7+ Qxe7 44. Bxe7+ Kxe7 45. Ra7 1-0

[Event "Joao Pessoa Fischer Memorial 11th"]
[Site "Joao Pessoa"]
[Date "2022.05.07"]
[Round "3"]
[White "De Oliveira, Lucas Matheus AFD"]
[Black "Dantas, Isaac Pereira"]
[Result "1-0"]
[WhiteElo "1893"]
[BlackElo "1645"]
[PlyCount "35"]
[EventDate "2022.05.06"]
[EventType "swiss"]
[EventRounds "6"]
[EventCountry "BRA"]
[SourceTitle "EXT 2023"]
[Source "ChessBase"]
[SourceDate "2022.10.05"]
[SourceVersion "1"]
[SourceVersionDate "2022.10.05"]
[SourceQuality "1"]

1. e4 c5 2. Nf3 d6 3. d4 cxd4 4. Nxd4 Nf6 5. Nc3 a6 6. Bg5 e6 7. Bc4 Be7 8. f4 Qc7 9. Bb3 b5 10. 0-0 0-0 11. f5 b4 12. fxe6 bxc3 13. exf7+ Kh8 14. bxc3 Nc6 15. Bxf6 Bxf6 16. Rxf6 gxf6 17. Qf3 Nxd4 18. Qxf6# 1-0

[Event "Joao Pessoa Fischer Memorial 11th"]
[Site "Joao Pessoa"]
[Date "2022.05.06"]
[Round "1"]
[White "Souza, Rafael Cabral de"]
[Black "Dantas, Isaac Pereira"]
[Result "1-0"]
[WhiteElo "2085"]
[BlackElo "1645"]
[PlyCount "83"]
[EventDate "2022.05.06"]
[EventType "swiss"]
[EventRounds "6"]
[EventCountry "BRA"]
[SourceTitle "EXT 2023"]
[Source "ChessBase"]
[SourceDate "2022.10.05"]
[SourceVersion "1"]
[SourceVersionDate "2022.10.05"]
[SourceQuality "1"]

1. e4 c5 2. Nf3 d6 3. d4 cxd4 4. Nxd4 Nf6 5. Nc3 e6 6. g4 Nc6 7. g5 Nd7 8. h4 Be7 9. Be3 a6 10. Bc4 Nde5 11. Bb3 Na5 12. Qe2 Nxb3 13. axb3 Nc6 14. 0-0-0 Qc7 15. f4 b5 16. f5 b4 17. Na4 Nxd4 18. Bxd4 e5 19. Bb6 Qc6 20. Rhe1 Bb7 21. Bf2 Bd8 22. Qd2 a5 23. Qxd6 Qxd6 24. Rxd6 Be7 25. Rb6 Bc8 26. Rb5 f6 27. gxf6 gxf6 28. Nb6 Rb8 29. Rxa5 Bd8 30. Ra8 Rxa8 31. Nxa8 Bb7 32. Nb6 Rg8 33. Nd5 Bxd5 34. exd5 Rg4 35. Rg1 Rf4 36. Rg8+ Kd7 37. Be1 Be7 38. Rg7 h5 39. Rh7 Rxf5 40. Bxb4 Rf1+ 41. Kd2 Rf2+ 42. Ke1 1-0

[Event "Natal Academia Potiguar 8th"]
[Site "Natal"]
[Date "2015.06.07"]
[Round "4.6"]
[White "Dos Anjos, Avner Augusto"]
[Black "Dantas, Isaac Pereira"]
[Result "1-0"]
[WhiteElo "1973"]
[BlackElo "1625"]
[PlyCount "59"]
[EventDate "2015.06.05"]
[EventType "swiss"]
[EventRounds "5"]
[EventCountry "BRA"]
[SourceTitle "EXT 2022"]
[Source "ChessBase"]
[SourceDate "2021.10.06"]
[SourceVersion "1"]
[SourceVersionDate "2021.10.06"]
[SourceQuality "1"]

1. e4 c5 2. Nf3 d6 3. d4 cxd4 4. Nxd4 Nf6 5. Nc3 e5 6. Nb3 Be6 7. f3 Be7 8. Be3 a6 9. Qd2 Nbd7 10. g4 Nc5 11. 0-0-0 Nxb3+ 12. cxb3 Rc8 13. Kb1 Nd7 14. Bd3 Nc5 15. Bc2 b5 16. g5 Qc7 17. h4 b4 18. Nd5 Bxd5 19. exd5 a5 20. f4 exf4 21. Bd4 0-0 22. Rdg1 f6 23. Bf5 Ra8 24. Qc2 a4 25. Bxh7+ Kh8 26. bxa4 Qa5 27. b3 Nd7 28. Qg6 Qxd5 29. gxf6 Bxf6 30. Bxf6 1-0

[Event "Natal Academia Potiguar 8th"]
[Site "Natal"]
[Date "2015.06.06"]
[Round "2.13"]
[White "Fernandes, Pedro Guilherme Mun"]
[Black "Dantas, Isaac Pereira"]
[Result "0-1"]
[WhiteElo "1356"]
[BlackElo "1625"]
[PlyCount "24"]
[EventDate "2015.06.05"]
[EventType "swiss"]
[EventRounds "5"]
[EventCountry "BRA"]
[SourceTitle "EXT 2022"]
[Source "ChessBase"]
[SourceDate "2021.10.06"]
[SourceVersion "1"]
[SourceVersionDate "2021.10.06"]
[SourceQuality "1"]

1. e4 c5 2. Nf3 d6 3. d4 cxd4 4. Nxd4 Nf6 5. Nc3 e5 6. Nb3 Be6 7. Be3 Be7 8. Qd2 Ng4 9. Be2 Nxe3 10. Qxe3 0-0 11. 0-0-0 Bg5 12. f4 Bxf4 0-1

[Event "Potiguar-ch"]
[Site "Natal"]
[Date "2014.08.23"]
[Round "7"]
[White "Dantas, Isaac Pereira"]
[Black "Rocha, Vitor Firmo de Souz"]
[Result "0-1"]
[WhiteElo "1603"]
[BlackElo "2021"]
[PlyCount "88"]
[EventDate "2014.08.15"]
[EventType "swiss"]
[EventRounds "9"]
[EventCountry "BRA"]
[SourceTitle "CBM 162 Extra"]
[Source "ChessBase"]
[SourceDate "2014.10.17"]
[SourceVersion "1"]
[SourceVersionDate "2014.10.17"]
[SourceQuality "1"]

1. d4 e6 2. c4 d5 3. cxd5 exd5 4. Nc3 c6 5. Nf3 Bd6 6. Bg5 Ne7 7. e3 Qb6 8. Qc2 Bf5 9. Qd2 Ng6 10. Be2 h6 11. Bh4 Nxh4 12. Nxh4 Bh7 13. 0-0 Nd7 14. a3 0-0 15. b4 a6 16. Na4 Qd8 17. Nf3 Nf6 18. Bd3 Bxd3 19. Qxd3 Ne4 20. Nc5 Qe7 21. Nd2 f5 22. f4 Nxd2 23. Qxd2 Rae8 24. Rae1 Bxc5 25. bxc5 Qe4 26. Rf2 Rf7 27. Qc2 Qe6 28. Rfe2 Qd7 29. Qb2 Re4 30. Qd2 Rfe7 31. a4 Qe8 32. g3 Qh5 33. Rf2 Qh3 34. Rfe2 g5 35. a5 Rg7 36. Qb2 h5 37. fxg5 h4 38. gxh4 Qxh4 39. Qb6 Qxg5+ 40. Kh1 Rg4 41. Qb1 Rg2 42. Qd1 Qg4 43. Rd2 Qh3 44. Ree2 Qxh2# 0-1

[Event "Potiguar-ch"]
[Site "Natal"]
[Date "2014.08.22"]
[Round "6"]
[White "Soares, Mateus Lacerda"]
[Black "Dantas, Isaac Pereira"]
[Result "0-1"]
[WhiteElo "1800"]
[BlackElo "1603"]
[PlyCount "91"]
[EventDate "2014.08.15"]
[EventType "swiss"]
[EventRounds "9"]
[EventCountry "BRA"]
[SourceTitle "CBM 162 Extra"]
[Source "ChessBase"]
[SourceDate "2014.10.17"]
[SourceVersion "1"]
[SourceVersionDate "2014.10.17"]
[SourceQuality "1"]

1. e4 c5 2. Nf3 d6 3. d4 cxd4 4. Nxd4 Nf6 5. Nc3 e6 6. Bg5 Be7 7. Bb5+ Bd7 8. 0-0 a6 9. Bxd7+ Nbxd7 10. Qe2 0-0 11. Rad1 Qc7 12. a3 Rac8 13. Nf3 Qc4 14. Qxc4 Rxc4 15. Rd4 Rxd4 16. Nxd4 h6 17. Be3 Rc8 18. h3 Ne5 19. f3 Nc4 20. Bc1 Ne8 21. b3 Nxa3 22. Bxa3 Rxc3 23. Bb4 Rc7 24. Rd1 g6 25. c4 b6 26. Kf2 e5 27. Ne2 b5 28. cxb5 axb5 29. Rc1 Rxc1 30. Nxc1 Nc7 31. Ne2 Kf8 32. Nc3 Ke8 33. Nd5 Nxd5 34. exd5 Kd7 35. Ke3 Bd8 36. Ke4 f5+ 37. Kd3 Bb6 38. Ke2 Bc5 39. Bd2 h5 40. h4 Bd4 41. Kd3 Ke7 42. Bg5+ Kd7 43. Bd2 Bg1 44. Be1 Bh2 45. Bd2 Bg3 46. Bg5 0-1

[Event "Joao Pessoa-ch"]
[Site "Joao Pessoa"]
[Date "2014.08.02"]
[Round "3"]
[White "Dantas, Isaac Pereira"]
[Black "Felix, Thiago Ribeiro"]
[Result "0-1"]
[WhiteElo "1603"]
[BlackElo "1974"]
[PlyCount "99"]
[EventDate "2014.08.01"]
[EventType "swiss"]
[EventRounds "6"]
[EventCountry "BRA"]
[SourceTitle "CBM 161 Extra"]
[Source "ChessBase"]
[SourceDate "2014.08.29"]
[SourceVersion "1"]
[SourceVersionDate "2014.08.29"]
[SourceQuality "1"]

1. d4 Nf6 2. Nf3 e6 3. c4 d5 4. Nc3 c5 5. cxd5 Nxd5 6. Nxd5 Qxd5 7. e3 Be7 8. b3 cxd4 9. Bc4 Qh5 10. Nxd4 Qxd1+ 11. Kxd1 a6 12. Bb2 0-0 13. Ke2 Rd8 14. Nf3 b5 15. Bd3 Bb7 16. Rac1 Nc6 17. Be4 Nd4+ 18. Bxd4 Bxe4 19. Rc7 Bd6 20. Rc3 Bb4 21. Rc7 f6 22. Rd1 e5 23. Ba1 Rxd1 24. Kxd1 Rd8+ 25. Kc1 Bxf3 26. gxf3 Rd2 27. Rc2 Rxc2+ 28. Kxc2 Be1 29. Bc3 Bxf2 30. Kd3 Kf7 31. Ke2 Bh4 32. Kd3 Ke6 33. Bd2 f5 34. Kc3 Be7 35. Kd3 h5 36. e4 g5 37. h3 Bc5 38. Ba5 Kf6 39. Bd8+ Be7 40. Bc7 Ke6 41. Ba5 Bf6 42. Bb4 Bd8 43. Bc3 Bc7 44. Bb4 Kf6 45. Bc3 g4 46. fxg4 hxg4 47. hxg4 Kg5 48. Bb4 Kxg4 49. Ke2 Kg3 50. Be1+ 0-1

[Event "Joao Pessoa-ch"]
[Site "Joao Pessoa"]
[Date "2014.08.02"]
[Round "4"]
[White "Francelli, Derli"]
[Black "Dantas, Isaac Pereira"]
[Result "1/2-1/2"]
[WhiteElo "1683"]
[BlackElo "1603"]
[PlyCount "32"]
[EventDate "2014.08.01"]
[EventType "swiss"]
[EventRounds "6"]
[EventCountry "BRA"]
[SourceTitle "CBM 161 Extra"]
[Source "ChessBase"]
[SourceDate "2014.08.29"]
[SourceVersion "1"]
[SourceVersionDate "2014.08.29"]
[SourceQuality "1"]

1. d4 d5 2. c4 e6 3. Nc3 Nf6 4. Nf3 Be7 5. e3 0-0 6. Bd3 dxc4 7. Bxc4 b6 8. 0-0 Bb7 9. Be2 Nbd7 10. h3 a6 11. Bd2 Rc8 12. Rc1 Ne4 13. Nxe4 Bxe4 14. Re1 b5 15. Bc3 Bxf3 16. Bxf3 Nf6 1/2-1/2

[Event "Natal Potiguar op 3rd"]
[Site "Natal"]
[Date "2014.04.21"]
[Round "5"]
[White "Gomes, Jose Murilo"]
[Black "Dantas, Isaac Pereira"]
[Result "1-0"]
[WhiteElo "1883"]
[BlackElo "1606"]
[PlyCount "74"]
[EventDate "2014.04.18"]
[EventType "swiss"]
[EventRounds "5"]
[EventCountry "BRA"]
[SourceTitle "CBM 160 Extra"]
[Source "ChessBase"]
[SourceDate "2014.07.01"]
[SourceVersion "1"]
[SourceVersionDate "2014.07.01"]
[SourceQuality "1"]

1. Nf3 Nf6 2. c4 e6 3. g3 c6 4. Bg2 Be7 5. 0-0 0-0 6. b3 d5 7. cxd5 exd5 8. Bb2 Nbd7 9. Qc2 Ne8 10. d3 Bf6 11. e4 Bxb2 12. Qxb2 dxe4 13. dxe4 Qf6 14. e5 Qf5 15. Re1 Nb6 16. Nc3 Nc7 17. Ne4 Qh5 18. Nd6 Bg4 19. Nd2 Rfb8 20. Rac1 Ne6 21. N2e4 Bf3 22. Bxf3 Qxf3 23. Nc5 Ng5 24. h4 Nh3+ 25. Kh2 Nxf2 26. Rf1 Ng4+ 27. Kh3 Qd5 28. Kxg4 f5+ 29. Kh3 Kh8 30. Rcd1 Qxc5 31. b4 Qe3 32. Nxf5 Qe4 33. Rde1 Qd3 34. e6 Rg8 35. e7 Qd7 36. Kh2 Rae8 37. Nxg7 Rxe7 1-0

[Event "Joao Pessoa op 5th"]
[Site "Joao Pessoa"]
[Date "2014.03.16"]
[Round "5"]
[White "Baltar, Petrov Ferreira"]
[Black "Dantas, Isaac Pereira"]
[Result "1-0"]
[WhiteElo "1816"]
[BlackElo "1601"]
[PlyCount "65"]
[EventDate "2014.03.14"]
[EventType "swiss"]
[EventRounds "6"]
[EventCountry "BRA"]
[SourceTitle "CBM 159 Extra"]
[Source "ChessBase"]
[SourceDate "2014.04.24"]
[SourceVersion "1"]
[SourceVersionDate "2014.04.24"]
[SourceQuality "1"]

1. d4 d5 2. c4 e6 3. Nf3 Nf6 4. Nc3 Be7 5. g3 0-0 6. Bg2 c6 7. c5 Nbd7 8. 0-0 b6 9. b4 Ba6 10. a4 Bc4 11. Nd2 Ba6 12. Re1 bxc5 13. dxc5 Bc8 14. Nb3 Ne5 15. Qd4 Ng6 16. f4 Ng4 17. e4 Bf6 18. e5 Be7 19. Bh3 Nh6 20. Qe3 Nf5 21. Bxf5 exf5 22. Nd4 Bd7 23. e6 fxe6 24. Nxe6 Bxe6 25. Qxe6+ Rf7 26. Qxc6 Bf6 27. Bd2 d4 28. Nd5 d3 29. Nxf6+ Rxf6 30. Qf3 Rb8 31. Rab1 Rf7 32. a5 Qd4+ 33. Qe3 1-0

[Event "Natal CBX zt"]
[Site "Natal"]
[Date "2014.02.22"]
[Round "4"]
[White "Dantas, Isaac Pereira"]
[Black "Pinto, Andre Pamplona Pere"]
[Result "0-1"]
[WhiteElo "1604"]
[BlackElo "1662"]
[PlyCount "33"]
[EventDate "2014.02.21"]
[EventType "swiss"]
[EventRounds "5"]
[EventCountry "BRA"]
[SourceTitle "CBM 159 Extra"]
[Source "ChessBase"]
[SourceDate "2014.04.24"]
[SourceVersion "1"]
[SourceVersionDate "2014.04.24"]
[SourceQuality "1"]

1. d4 d5 2. c4 c6 3. cxd5 cxd5 4. Nc3 Nf6 5. Nf3 Nc6 6. Bg5 Ne4 7. Nxe4 dxe4 8. Nd2 f6 9. Bf4 Qxd4 10. e3 Qxb2 11. Bc4 e5 12. Bg3 Bb4 13. Rb1 Qa3 14. 0-0 Bf5 15. Qe2 Rc8 16. Bb3 Na5 17. Rfc1 0-1

[Event "Potiguar-ch"]
[Site "Natal"]
[Date "2013.10.06"]
[Round "9.23"]
[White "Dantas, Isaac Pereira"]
[Black "De Melo, Beatriz Cristina Ol"]
[Result "0-1"]
[WhiteElo "1619"]
[BlackElo "1804"]
[PlyCount "86"]
[EventDate "2013.09.27"]
[EventType "swiss"]
[EventRounds "9"]
[EventCountry "BRA"]
[SourceTitle "EXT 2015"]
[Source "ChessBase"]
[SourceDate "2014.11.20"]
[SourceVersion "1"]
[SourceVersionDate "2014.11.20"]
[SourceQuality "1"]

1. d4 d5 2. c4 c6 3. Nc3 Nf6 4. Nf3 Bf5 5. Qb3 Qb6 6. Qxb6 axb6 7. Bg5 Nbd7 8. e3 h6 9. Bf4 e6 10. cxd5 exd5 11. Be2 Be7 12. 0-0 0-0 13. Ne5 Rfd8 14. a3 c5 15. Nxd7 Rxd7 16. Nb5 Be6 17. Nc7 Rc8 18. Nxe6 fxe6 19. Rac1 Rdd8 20. Rfe1 Bf8 21. Be5 c4 22. Bf3 Be7 23. e4 b5 24. exd5 exd5 25. Bg3 Bf8 26. Re6 Kf7 27. Rce1 Re8 28. Rxe8 Rxe8 29. Rxe8 Kxe8 30. Kf1 Kd7 31. Ke2 Bd6 32. Bxd6 Kxd6 33. Kd2 Ne4+ 34. Bxe4 dxe4 35. f4 exf3 36. gxf3 Kd5 37. Ke3 g5 38. f4 gxf4+ 39. Kxf4 Kxd4 40. Kf5 Kd3 41. h4 Kc2 42. Kg6 Kxb2 43. Kxh6 c3 0-1

[Event "Potiguar-ch"]
[Site "Natal"]
[Date "2013.10.04"]
[Round "6.19"]
[White "Melo, Guilherme Gama do N"]
[Black "Dantas, Isaac Pereira"]
[Result "1-0"]
[WhiteElo "1735"]
[BlackElo "1619"]
[PlyCount "125"]
[EventDate "2013.09.27"]
[EventType "swiss"]
[EventRounds "9"]
[EventCountry "BRA"]
[SourceTitle "EXT 2015"]
[Source "ChessBase"]
[SourceDate "2014.11.20"]
[SourceVersion "1"]
[SourceVersionDate "2014.11.20"]
[SourceQuality "1"]

1. d4 d5 2. c4 e6 3. Nc3 Nf6 4. Nf3 a6 5. e3 dxc4 6. Qa4+ Nbd7 7. Qxc4 b5 8. Qd3 Bb7 9. Qd1 Bb4 10. Bd2 0-0 11. g3 Rc8 12. a3 Be7 13. Bg2 c5 14. 0-0 Nb6 15. b3 c4 16. b4 Nfd5 17. Nxd5 Bxd5 18. Qc2 Na4 19. e4 Ba8 20. Bc3 Nxc3 21. Qxc3 Bxe4 22. Rfe1 Ba8 23. a4 Bf6 24. Red1 Qc7 25. axb5 axb5 26. Nd2 Bxg2 27. Kxg2 Ra8 28. Ne4 Qb7 29. f3 Be7 30. Nc5 Qd5 31. Na6 Qc6 32. Nc5 Rxa1 33. Rxa1 Ra8 34. Rxa8+ Qxa8 35. Qe3 Kf8 36. Qe4 Qxe4 37. fxe4 Ke8 38. Kf3 Bf6 39. e5 Bg5 40. Ne4 Be7 41. Nc5 Kd8 42. Ke3 Kc7 43. Kd2 Kc6 44. Kc3 Kd5 45. g4 f6 46. Nd7 f5 47. gxf5 exf5 48. Nb6+ Kc6 49. Nxc4 bxc4 50. Kxc4 f4 51. b5+ Kb6 52. d5 g5 53. d6 Bf8 54. Kd5 f3 55. Ke6 f2 56. d7 Kc7 57. b6+ Kd8 58. b7 Kc7 59. b8Q+ Kxb8 60. d8Q+ Kb7 61. Qxf8 f1Q 62. Qxf1 Kc6 63. Qh3 1-0

[Event "Potiguar-ch"]
[Site "Natal"]
[Date "2013.09.28"]
[Round "3.19"]
[White "Dantas, Isaac Pereira"]
[Black "Moura, Dayckson Navas de M"]
[Result "1-0"]
[WhiteElo "1619"]
[BlackElo "1800"]
[PlyCount "71"]
[EventDate "2013.09.27"]
[EventType "swiss"]
[EventRounds "9"]
[EventCountry "BRA"]
[SourceTitle "EXT 2015"]
[Source "ChessBase"]
[SourceDate "2014.11.20"]
[SourceVersion "1"]
[SourceVersionDate "2014.11.20"]
[SourceQuality "1"]

1. d4 d6 2. c4 Nc6 3. Nc3 Nxd4 4. Qxd4 e5 5. Qd1 g6 6. Nf3 Nf6 7. e4 Bg4 8. Be2 Bg7 9. Bg5 0-0 10. Nd5 c6 11. Nxf6+ Bxf6 12. Bxf6 Qxf6 13. 0-0 Bxf3 14. Bxf3 a6 15. Qc2 Rad8 16. Rac1 Qe6 17. b4 c5 18. bxc5 dxc5 19. Rfd1 b5 20. cxb5 axb5 21. Rd5 Rxd5 22. exd5 Qb6 23. Qxc5 Qxc5 24. Rxc5 b4 25. Bd1 Ra8 26. Bb3 f5 27. f3 Kf7 28. Kf2 e4 29. fxe4 fxe4 30. Ke3 Re8 31. d6+ Kf6 32. d7 Rd8 33. Ba4 Ke6 34. Rc8 Rxd7 35. Bxd7+ Kxd7 36. Rb8 1-0

[Event "Joao Pessoa op 08"]
[Site "Joao Pessoa"]
[Date "2013.08.04"]
[Round "5"]
[White "Da Silva Tomaz, Luiz Antonio"]
[Black "Dantas, Isaac Pereira"]
[Result "1-0"]
[WhiteElo "1903"]
[BlackElo "1619"]
[PlyCount "67"]
[EventDate "2013.08.02"]
[EventType "swiss"]
[EventRounds "6"]
[EventCountry "BRA"]
[SourceTitle "CBM 155 Extra"]
[Source "ChessBase"]
[SourceDate "2013.08.26"]
[SourceVersion "1"]
[SourceVersionDate "2013.08.26"]
[SourceQuality "1"]

1. e4 c5 2. Nf3 d6 3. d4 cxd4 4. Nxd4 Nf6 5. Nc3 e6 6. g4 Be7 7. Be3 Nc6 8. g5 Nd7 9. h4 a6 10. Qd2 Nde5 11. Be2 Qc7 12. f4 Nxd4 13. Bxd4 Nc4 14. Bxc4 Qxc4 15. Bxg7 Rg8 16. Bd4 b5 17. Qd3 Bb7 18. Qxc4 bxc4 19. 0-0-0 Rd8 20. Rhe1 d5 21. exd5 exd5 22. Bf6 Rd7 23. Nxd5 Bxd5 24. Rxe7+ Rxe7 25. Bxe7 Kxe7 26. Rxd5 Ke6 27. Re5+ Kd6 28. Rf5 Rf8 29. Rf6+ Kd5 30. h5 Ke4 31. g6 Rg8 32. gxf7 Rg1+ 33. Kd2 Rg2+ 34. Kc3 1-0